Catalog

Record Details

Catalog Search



Lawless a novel  Cover Image CD Audiobook CD Audiobook

Lawless [sound recording] : a novel / by Matt Bondurant.

Bondurant, Matt, 1971- (Author). Steele, Erik. (Narrator). AudioGO (Firm) (Added Author). Recorded Books, LLC. (Added Author).

Summary:

The Bondurant Boys were a notorious gang of roughnecks and moonshiners who ran liquor through Franklin County during Prohibition and after. The brothers played a central role in a major conspiracy trial and its violent end. In 1935, Sherwood Anderson, working on a magazine story, finds himself driving along the dusty red roads trying to find the brothers and break the silence that shrouds Franklin County.

Record details

  • ISBN: 9781609984885
  • ISBN: 1609984889
  • Physical Description: 9 sound discs (10 hr., 30 min.) : digital ; 4 3/4 in.
  • Edition: Unabridged.
  • Publisher: North Kingstown, RI : AudioGO ; [2012], p2008.

Content descriptions

General Note:
Compact disc.
Title from container.
Release date supplied by publisher.
Originally published as The wettest county in the world, p2008.
In container (17 cm.).
Participant or Performer Note:
Narrated by Erik Steele.
Subject: Prohibition > Fiction.
Distilling, Illicit > Fiction.
Brothers > Fiction.
Virginia > Fiction.
Genre: Suspense fiction.
Audiobooks.

LDR 01981nim a22004574a 4500
001136099
003CONS
00520140703073309.0
007sd fungnnmmned
008120928r20122008riunnnn f n eng d
020 . ‡a9781609984885
020 . ‡a1609984889
02801. ‡aDD0997 ‡bRecorded Books
035 . ‡a(CPomAG)LMN562755
05014. ‡aPS3602.O657 ‡bW48 2012b
08204. ‡a813/.6 ‡222
1001 . ‡aBondurant, Matt, ‡d1971-
24010. ‡aWettest county in the world
24510. ‡aLawless ‡h[sound recording] : ‡ba novel / ‡cby Matt Bondurant.
250 . ‡aUnabridged.
260 . ‡aNorth Kingstown, RI : ‡bAudioGO ; ‡aPrince Frederick, MD : ‡bDistributed by Recorded Books, ‡c[2012], p2008.
300 . ‡a9 sound discs (10 hr., 30 min.) : ‡bdigital ; ‡c4 3/4 in.
500 . ‡aCompact disc.
500 . ‡aTitle from container.
500 . ‡aRelease date supplied by publisher.
500 . ‡aOriginally published as The wettest county in the world, p2008.
500 . ‡aIn container (17 cm.).
5110 . ‡aNarrated by Erik Steele.
520 . ‡aThe Bondurant Boys were a notorious gang of roughnecks and moonshiners who ran liquor through Franklin County during Prohibition and after. The brothers played a central role in a major conspiracy trial and its violent end. In 1935, Sherwood Anderson, working on a magazine story, finds himself driving along the dusty red roads trying to find the brothers and break the silence that shrouds Franklin County.
650 0. ‡aProhibition ‡vFiction.
650 0. ‡aDistilling, Illicit ‡vFiction.
650 0. ‡aBrothers ‡vFiction.
651 0. ‡aVirginia ‡vFiction.
655 7. ‡aSuspense fiction. ‡2gsafd
655 7. ‡aAudiobooks. ‡2lcgft
7001 . ‡aSteele, Erik. ‡4nrt
7102 . ‡aAudioGO (Firm)
7102 . ‡aRecorded Books, LLC.
914 . ‡aSCP_jd
959 . ‡i32269000924053 ‡lBK/CD Bon ‡aAdult - Audiobook ‡tAudiobook ‡g40.00
852 . ‡p32269000924053 ‡jBK/CD Bon ‡gAdult - Audiobook ‡cAudiobook ‡y40.00 ‡bSBPL
901 . ‡a136099 ‡bUnknown ‡c136099 ‡tbiblio

Additional Resources